Central Library OPAC University of Rajshahi

Quality of working life of shift workers of jute mills in Rajshahi and Khulna Divisions / (Record no. 80130)

MARC details
000 -LEADER
fixed length control field 00941nam a22002417a 4500
001 - CONTROL NUMBER
RUCL Control Number 80130
003 - CONTROL NUMBER IDENTIFIER
rucl marc code BD-RjUL
005 - DATE AND TIME OF LATEST TRANSACTION
control field 20220727145054.0
008 - FIXED-LENGTH DATA ELEMENTS--GENERAL INFORMATION
fixed length control field 220727s1991 bg a|||| m||| 00| 0 eng d
035 ## - SYSTEM CONTROL NUMBER
system control number (BD-RjUL)80130
040 ## - CATALOGING SOURCE
Original cataloging agency BD-RjUL
Language of cataloging eng
Transcribing agency BD-RjUL
Modifying agency BD-RjUL
041 ## - LANGUAGE CODE
Language code of Book eng
082 ## - DEWEY DECIMAL CLASSIFICATION NUMBER
DDC Edition number 23
Classification number 158.7
Author mark and Year HAQ 1991
100 ## - MAIN ENTRY--PERSONAL NAME
Personal name Haque, A. B. M. zahirul
9 (RLIN) 4157
245 10 - TITLE STATEMENT
Title Quality of working life of shift workers of jute mills in Rajshahi and Khulna Divisions /
Statement of responsibility, etc A. B. M. Zahirul Haque ;
Name of Supervisor/Co-Supervisor Supervisor : M. Junaid
260 ## - PUBLICATION, DISTRIBUTION, ETC. (IMPRINT)
Place of publication, distribution, etc Rajshahi :
Name of publisher, distributor, etc Department of Psychology, University of Rajshahi,
Date of publication, distribution, etc 1991
300 ## - PHYSICAL DESCRIPTION
Pagination vii, 177 leaves :
Other physical details ill, ;
Dimensions 29.cm.
502 ## - DISSERTATION NOTE
Dissertation note Thesis (Ph. D.) -- Department of Psychology, University of Rajshahi, 1991
504 ## - BIBLIOGRAPHY, ETC. NOTE
Bibliography, etc References : Leaves 135 - 146
650 ## - SUBJECT ADDED ENTRY--TOPICAL TERM
Topical term or geographic name as entry element Industrial Psychology
Form subdivision Jute mills
General subdivision Rahjshahi and Khulna Divisions
9 (RLIN) 4158
700 ## - ADDED ENTRY--SUPERVISOR/CO-SUPERVISOR NAME
Personal name Junaid, M. Supervisor
9 (RLIN) 4159
942 ## - ADDED ENTRY ELEMENTS (KOHA)
Source of classification or shelving scheme Dewey Decimal Classification
Koha item type Theses
Holdings
Source of classification or shelving scheme Damaged status Not for loan Collection code Permanent Location Current Location Shelving location Date of accession Source of acquisition Total Checkouts Full call number Barcode Date last seen Copy number Thesis
Dewey Decimal Classification   Not For Loan Theses Central Library, University of Rajshahi Central Library, University of Rajshahi Documentation Section 23/02/1992 Controller of Exam. R.U   THE 158.7 HAQ 1991 D1586 27/07/2022 C-1 Theses